Design and Development : (Record no. 10502)

MARC details
000 -LEADER
fixed length control field 01606cam a2200385 a 4500
090 ## - LOCALLY ASSIGNED LC-TYPE CALL NUMBER (OCLC); LOCAL CALL NUMBER (OCLC)
-- 0
001 - CONTROL NUMBER
control field 14804489
005 - DATE AND TIME OF LATEST TRANSACTION
control field 20080125084729.0
008 - FIXED-LENGTH DATA ELEMENTS--GENERAL INFORMATION
fixed length control field 070411s2007 enka b 001 0 eng
010 ## - LIBRARY OF CONGRESS CONTROL NUMBER
LC control number 2007014316
020 ## - INTERNATIONAL STANDARD BOOK NUMBER
International Standard Book Number 9780470061541 (hbk.)
020 ## - INTERNATIONAL STANDARD BOOK NUMBER
International Standard Book Number 9780470061558 (pbk.)
035 ## - SYSTEM CONTROL NUMBER
System control number (OCoLC)ocn123079251
035 ## - SYSTEM CONTROL NUMBER
System control number (OCoLC)123079251
040 ## - CATALOGING SOURCE
Original cataloging agency DLC
Transcribing agency DLC
Modifying agency BAKER
-- BTCTA
-- BWKUK
-- YDXCP
-- GZM
-- AGL
-- DLC
050 00 - LIBRARY OF CONGRESS CALL NUMBER
Classification number TP248.3
Item number .W47 2007
070 0# - NATIONAL AGRICULTURAL LIBRARY CALL NUMBER
Classification number TP248.3
Item number .W47 2007
082 00 - DEWEY DECIMAL CLASSIFICATION NUMBER
Classification number 660.6
Edition number 22
Item number WES
100 1# - MAIN ENTRY--PERSONAL NAME
Personal name Wesselingh, J. A.
245 10 - TITLE STATEMENT
Title Design and Development :
Statement of responsibility, etc J.A Wesselingh, Sàren Kiil, Martin E. Vigild.
Remainder of title Of biological, chemical, food and pharmaceutical products /
246 14 - VARYING FORM OF TITLE
Title proper/short title Design & development of biological, chemical, food and pharmaceutical products
260 ## - PUBLICATION, DISTRIBUTION, ETC. (IMPRINT)
Place of publication, distribution, etc England :
Name of publisher, distributor, etc John Wiley,
Date of publication, distribution, etc c2007.
300 ## - PHYSICAL DESCRIPTION
Extent xii, 297 p. :
Other physical details ill. ;
Dimensions 25 cm.
504 ## - BIBLIOGRAPHY, ETC. NOTE
Bibliography, etc Includes bibliographical references and index.
650 #0 - SUBJECT ADDED ENTRY--TOPICAL TERM
Topical term or geographic name as entry element Biochemical engineering.
650 #0 - SUBJECT ADDED ENTRY--TOPICAL TERM
Topical term or geographic name as entry element New products.
650 #0 - SUBJECT ADDED ENTRY--TOPICAL TERM
Topical term or geographic name as entry element Design, Industrial.
700 1# - ADDED ENTRY--PERSONAL NAME
Personal name Kiil, Sèoren.
700 1# - ADDED ENTRY--PERSONAL NAME
Personal name Vigild, Martin E.
856 41 - ELECTRONIC LOCATION AND ACCESS
Materials specified Table of contents only
Uniform Resource Identifier <a href="http://www.loc.gov/catdir/toc/ecip0715/2007014316.html">http://www.loc.gov/catdir/toc/ecip0715/2007014316.html</a>
856 42 - ELECTRONIC LOCATION AND ACCESS
Materials specified Publisher description
Uniform Resource Identifier <a href="http://www.loc.gov/catdir/enhancements/fy0739/2007014316-d.html">http://www.loc.gov/catdir/enhancements/fy0739/2007014316-d.html</a>
942 ## - ADDED ENTRY ELEMENTS (KOHA)
Source of classification or shelving scheme Dewey Decimal Classification
Item type Book - Borrowing
Holdings
Withdrawn status Item status Source of classification or shelving scheme Damaged status Not for loan Vendor Home library Current library Shelving location Date acquired Source of acquisition Cost, normal purchase price Serial Enumeration / chronology Total Checkouts Full call number Barcode Date last seen Koha item type
    Dewey Decimal Classification     Alahram Central Library Central Library First floor 28/01/2009   420.00 6458   660.6 WES 000014368 15/07/2025 Book - Borrowing